MARC

LEADER 00000nam0a2200000 4500
001 683768
005 20251217142752.0
090 |a 683768 
100 |a 20251217d1978 m||y0rusy50 ca 
101 0 |a rus 
102 |a RU 
105 |a a z 000yy 
181 0 |a i   |b  e  
182 0 |a n 
183 0 |a nc  |2 RDAcarrier 
200 1 |a Вьетнам - единый от Каоланга до Камау  |f М. М. Ильинский 
203 |a Текст  |b визуальный  |c непосредственный 
210 |a Москва  |c Наука  |d 1978 
215 |a 270 с.  |c ил. 
283 |a volume  |2 RDAcarrier 
606 |a Вьетнам  |x История  |9 84046 
610 1 |a Южный Вьетнам 
610 1 |a полное освобождение 
610 1 |a национально-демократическая революция 
610 1 |a успешное завершение 
610 1 |a Социалистическая республика Вьетнам 
610 1 |a создание 
686 |2 rubbk  |a Т3(5Вье) 
700 1 |a Ильинский  |b М. М.  |g Михаил Михайлович 
801 0 |a RU  |b 63413507  |c 20251217 
830 |a Ретро2025Каталогизация Шило 
850 |a 63413507 
942 |c BK